000 00553nam a2200217Ia 4500
003 GCL
008 140319s9999 xx 000 0 eng d
040 _aGCL /
_cGCL
082 0 4 _aCC
_b932
_bD C
100 1 _aDAUMAS, FRANCOIS
245 1 0 _aLA CIVILIATION DE L'EGYPTE PHARAONIQUE /
_cDAUMAS, FRANCOIS
260 _a[S.N] :
_bARTHAUD ،
_c1987
300 _a546 PP
650 0 4 _aRELIGION
650 0 4 _aANCIENT EGYPT
650 0 4 _aHISTORY
650 0 4 _aART- EGYPT
650 0 4 _aARCHAEOLOGY
650 0 4 _aEGYPT - CIVILIZATION
942 _2ddc
_cBK
999 _c11767
_d11767